Language Quiz

Random Language or German Quiz

Language Basics: German Quiz Stats

Quiz Updated Jul 16, 2012

Challenge
Share
Tweet
Embed
Score 0/55 Timer 08:00
10 Plays Today
English German % Correct
Threedrei
92.6%
Twozwei
90.2%
Nonein
89.4%
Yesja
88.6%
Fivefünf
88.3%
Oneeins
87.8%
German (Language)Deutsch
87.6%
Thanksdanke
85.6%
Eightacht
85.5%
Goodgut
85.5%
Sevensieben
84.6%
HelloHallo
84.6%
Fourvier
84.5%
Nineneun
84.5%
MondayMontag
84.2%
Sixsechs
84.1%
Pleasebitte
81.1%
Tenzehn
80%
FridayFreitag
78.6%
Redrot
78.1%
Wherewo
77.6%
Blueblau
77.4%
Whatwas
75.6%
Biggroß
75.1%
Whiteweiß
73.9%
Greengrün
73.8%
MayMai
73.4%
JanuaryJanuar
72.6%
English German % Correct
JulyJuli
72.6%
AprilApril
72.5%
My name is...Ich heiße...
72.2%
ThursdayDonnerstag
72%
SundaySonntag
72%
Blackschwarz
71.8%
WednesdayMittwoch
71.7%
NovemberNovember
71.1%
FebruaryFebruar
71%
AugustAugust
71%
SeptemberSeptember
70.9%
TuesdayDienstag
70.7%
OctoberOktober
70.6%
Smallklein
69.7%
SaturdaySamstag
69.4%
JuneJuni
69.4%
GoodbyeTschüss
69.2%
MarchMärz
68.8%
How are you?Wie geht's?
65.7%
DecemberDezember
63.8%
Whywarum
63.1%
Whower
58.6%
Whenwann
57.9%
I don't knowIch weiß nicht
56.6%
Sorry!Es tut mir Leid!
54.6%
Badschlecht
53%
I don't understandIch verstehe nicht
50.3%

You're not logged in!

Compare scores with friends on all Sporcle quizzes.
Sign Up with Email
OR
Log In

You Might Also Like...

Show Comments

Extras

Top Quizzes Today


Score Distribution

Your Account Isn't Verified!

In order to create a playlist on Sporcle, you need to verify the email address you used during registration. Go to your Sporcle Settings to finish the process.